[Event "ITA-ch U20 81st"]
[Site "Cagliari"]
[Date "2022.11.20"]
[Round "4"]
[White "Hercegovac, Neven"]
[Black "Bin Suhayl, Ieysaa"]
[Result "0-1"]
[WhiteElo "2230"]
[BlackElo "2230"]
[PlyCount "84"]
[EventDate "2022.11.17"]
[EventType "tourn"]
[EventRounds "7"]
[EventCountry "ITA"]
[SourceTitle "CBM 211 Extra"]
[Source "ChessBase"]
[SourceDate "2023.01.31"]
[SourceVersion "1"]
[SourceVersionDate "2023.01.31"]
[SourceQuality "1"]

1. e4 e5 2. Nf3 Nc6 3. Bc4 Nf6 4. d3 Bc5 5. c3 d6 6. Nbd2 0-0 7. Nf1 Na5 8. Bb5 d5 9. Nxe5 c6 10. Ba4 Bd6 11. f4 dxe4 12. b4 b5 13. Bc2 exd3 14. Qxd3 Nc4 15. Nxc4 bxc4 16. Qxc4 Re8+ 17. Be3 Qc7 18. 0-0-0 Bg4 19. Rd4 c5 20. Rd2 Be6 21. Qd3 Red8 22. Ng3 cxb4 23. Nh5 bxc3 24. Nxf6+ gxf6 25. Qxh7+ Kf8 26. Qh6+ Ke7 27. Rd4 Ba3+ 28. Kd1 Bc5 29. Rxd8 Rxd8+ 30. Ke2 Bg4+ 31. Kf2 Bxe3+ 32. Kg3 Be6 33. Re1 Qc5 34. Kf3 Bd2 35. Re2 Qd5+ 36. Be4 Qc4 37. Qh5 c2 38. Bxc2 Qxc2 39. f5 Rd3+ 40. Kf2 Qc5+ 41. Kf1 Qc1+ 42. Kf2 Be3+ 0-1

[Event "ITA-ch U20 81st"]
[Site "Cagliari"]
[Date "2022.11.18"]
[Round "2"]
[White "Bin Suhayl, Ieysaa"]
[Black "Bettalli, Francesco"]
[Result "0-1"]
[WhiteElo "2230"]
[BlackElo "2211"]
[PlyCount "64"]
[EventDate "2022.11.17"]
[EventType "tourn"]
[EventRounds "7"]
[EventCountry "ITA"]
[SourceTitle "CBM 211 Extra"]
[Source "ChessBase"]
[SourceDate "2023.01.31"]
[SourceVersion "1"]
[SourceVersionDate "2023.01.31"]
[SourceQuality "1"]

1. d4 f5 2. g3 Nf6 3. c4 g6 4. Bg2 Bg7 5. Nf3 d6 6. 0-0 0-0 7. Nc3 c6 8. b3 Qc7 9. Qc2 e5 10. dxe5 dxe5 11. e4 f4 12. Ba3 fxg3 13. fxg3 Re8 14. h3 Bxh3 15. Bb2 Bc8 16. Kh2 Nbd7 17. Rf2 Nc5 18. b4 Ne6 19. Rd1 Nh5 20. Ne2 a5 21. a3 axb4 22. axb4 b6 23. g4 Nhf4 24. Nxf4 Nxf4 25. Rfd2 Ne6 26. Kh1 c5 27. Qc3 Nd4 28. Qd3 Ra4 29. Nxd4 exd4 30. bxc5 bxc5 31. Qc2 Qa7 32. e5 Be6 0-1

[Event "ITA-ch U20 81st"]
[Site "Cagliari"]
[Date "2022.11.17"]
[Round "1"]
[White "Rindone, Andrea"]
[Black "Bin Suhayl, Ieysaa"]
[Result "0-1"]
[WhiteElo "2104"]
[BlackElo "2230"]
[PlyCount "94"]
[EventDate "2022.11.17"]
[EventType "tourn"]
[EventRounds "7"]
[EventCountry "ITA"]
[SourceTitle "CBM 211 Extra"]
[Source "ChessBase"]
[SourceDate "2023.01.31"]
[SourceVersion "1"]
[SourceVersionDate "2023.01.31"]
[SourceQuality "1"]

1. Nf3 d5 2. c4 e6 3. b3 d4 4. e3 c5 5. exd4 cxd4 6. g3 Nc6 7. Bg2 Nf6 8. 0-0 Be7 9. d3 0-0 10. Re1 Re8 11. Ne5 Nxe5 12. Rxe5 Qc7 13. Re1 e5 14. Nd2 Bg4 15. Bf3 Bf5 16. Ne4 Bxe4 17. Bxe4 Bb4 18. Bd2 Bxd2 19. Qxd2 Nxe4 20. Rxe4 f5 21. Re2 Re6 22. Rae1 Rae8 23. f4 h6 24. fxe5 Rxe5 25. Qf4 Rxe2 26. Rxe2 Qxf4 27. Rxe8+ Kf7 28. gxf4 Kxe8 29. b4 Kd7 30. Kf2 a6 31. a4 Kc6 32. Kg3 a5 33. b5+ Kc5 34. h4 h5 35. Kf3 Kb4 36. Ke2 Kxa4 37. Kd2 Kb4 38. Kc2 b6 39. Kb2 a4 40. Ka2 a3 41. Kb1 g5 42. hxg5 h4 43. g6 h3 44. g7 h2 45. g8Q h1Q+ 46. Kc2 Qh2+ 47. Kd1 a2 0-1

[Event "Novi Sad Serbia op-A"]
[Site "Novi Sad"]
[Date "2022.06.30"]
[Round "3"]
[White "Rozman, Monika"]
[Black "Bin Suhayl, Ieysaa"]
[Result "1-0"]
[WhiteElo "2104"]
[BlackElo "2240"]
[PlyCount "89"]
[EventDate "2022.06.28"]
[EventType "swiss"]
[EventRounds "9"]
[EventCountry "SRB"]
[SourceTitle "EXT 2023"]
[Source "ChessBase"]
[SourceDate "2022.10.05"]
[SourceVersion "1"]
[SourceVersionDate "2022.10.05"]
[SourceQuality "1"]

1. e4 e5 2. Nf3 Nc6 3. Bc4 Nf6 4. d3 Bc5 5. c3 d6 6. 0-0 0-0 7. a4 a5 8. Na3 Ne7 9. Nc2 Ng6 10. h3 c6 11. d4 exd4 12. cxd4 Bb6 13. Bg5 h6 14. Bxf6 Qxf6 15. Ra3 Nf4 16. Nh2 Qg6 17. Rg3 Qxe4 18. Re1 Qh7 19. Ng4 Kh8 20. Rf3 Be6 21. Bxe6 Nxe6 22. Rb3 Ra6 23. Nge3 Rb8 24. Qh5 g6 25. Qd1 d5 26. Ng4 Bc7 27. Nf6 Qg7 28. Nd7 Rd8 29. Nc5 Nxc5 30. dxc5 Rd7 31. Re8+ Kh7 32. Nd4 Be5 33. Qg4 Rc7 34. Nf3 f6 35. Nxe5 fxe5 36. Rf3 Qd7 37. Re6 Qg7 38. Re8 b6 39. Rff8 bxc5 40. Qe6 Raa7 41. Rg8 e4 42. Rxg7+ Rxg7 43. Qxc6 d4 44. Qxc5 d3 45. Qf8 1-0

[Event "BCF-chT 2122 (4NCL)"]
[Site "England"]
[Date "2022.03.26"]
[Round "5.121"]
[White "Martin, Lewis"]
[Black "Bin Suhayl, Ieysaa"]
[Result "1/2-1/2"]
[WhiteElo "2196"]
[BlackElo "2243"]
[PlyCount "107"]
[EventDate "2021.11.27"]
[EventType "team-swiss"]
[EventRounds "11"]
[EventCountry "ENG"]
[SourceTitle "EXT 2023"]
[Source "ChessBase"]
[SourceDate "2022.10.05"]
[SourceVersion "1"]
[SourceVersionDate "2022.10.05"]
[SourceQuality "1"]
[WhiteTeam "Check Innmates"]
[BlackTeam "Manchester Manticores"]
[WhiteTeamCountry "ENG"]
[BlackTeamCountry "ENG"]

1. e4 e5 2. Nf3 Nc6 3. Bb5 a6 4. Ba4 Nf6 5. 0-0 Be7 6. Re1 b5 7. Bb3 d6 8. c3 Na5 9. Bc2 c5 10. d4 Qc7 11. h3 0-0 12. Nbd2 cxd4 13. cxd4 Nc6 14. d5 Nb4 15. Bb1 a5 16. Nf1 Nd7 17. Ng3 Nc5 18. a3 Nba6 19. b4 Na4 20. bxa5 Qxa5 21. Bd2 Qb6 22. Qe2 Bd7 23. Nf5 Bxf5 24. exf5 Bf6 25. Ng5 N6c5 26. Qh5 h6 27. Ne4 Nxe4 28. Rxe4 Nc5 29. Rg4 Ra4 30. Bxh6 Rxg4 31. Qxg4 Nd7 32. Be3 Qa5 33. Qb4 Ra8 34. Bd2 Qb6 35. Bc2 Qc5 36. Qb3 Rc8 37. Ra2 Qc4 38. Qxc4 Rxc4 39. Bb3 Rd4 40. Be3 Rd3 41. Rb2 Nc5 42. Bc2 Rc3 43. Bb1 Na4 44. Rxb5 Rxa3 45. Rb8+ Kh7 46. g4 Nc3 47. g5 Bxg5 48. Bxg5 Ra1 49. Be7 Nxb1 50. Bxd6 Nc3+ 51. Kh2 Nxd5 52. Bxe5 Ra2 53. Kg3 Ne7 54. f6 1/2-1/2

[Event "ITA-ch U20 80th"]
[Site "Chianciano Terme"]
[Date "2021.12.09"]
[Round "5"]
[White "Loiacono, Antonio"]
[Black "Bin Suhayl, Ieysaa"]
[Result "1-0"]
[WhiteElo "2363"]
[BlackElo "2142"]
[PlyCount "37"]
[EventDate "2021.12.04"]
[EventType "tourn"]
[EventRounds "7"]
[EventCountry "ITA"]
[EventCategory "1"]
[SourceTitle "CBM 205 Extra"]
[Source "ChessBase"]
[SourceDate "2022.01.31"]
[SourceVersion "1"]
[SourceVersionDate "2022.01.31"]
[SourceQuality "1"]

1. d4 d5 2. c4 c6 3. Nc3 e6 4. Nf3 dxc4 5. e3 b5 6. a4 Bb4 7. Bd2 a5 8. Ne5 Bb7 9. Qg4 g6 10. axb5 Bxc3 11. Bxc3 cxb5 12. d5 Nf6 13. Qf4 Rf8 14. Nxc4 Nxd5 15. Nd6+ Ke7 16. Nxb7 Qb6 17. Qd4 b4 18. Qxb6 Nxb6 19. Bd4 1-0

[Event "Fagernes op"]
[Site "Fagernes"]
[Date "2021.10.16"]
[Round "8"]
[White "Bin Suhayl, Ieysaa"]
[Black "Fossum, Oystein Boyum"]
[Result "0-1"]
[WhiteElo "2168"]
[BlackElo "2302"]
[PlyCount "72"]
[EventDate "2021.10.10"]
[EventType "swiss"]
[EventRounds "9"]
[EventCountry "NOR"]
[SourceTitle "CBM 204 Extra"]
[Source "ChessBase"]
[SourceDate "2021.11.30"]
[SourceVersion "1"]
[SourceVersionDate "2021.11.30"]
[SourceQuality "1"]

1. d4 d5 2. c4 e6 3. Nf3 c5 4. cxd5 exd5 5. g3 Nc6 6. Bg2 Nf6 7. 0-0 Be7 8. Nc3 0-0 9. dxc5 Bxc5 10. Bg5 d4 11. Ne4 Be7 12. Bxf6 Bxf6 13. Nxf6+ Qxf6 14. b4 Rd8 15. b5 Ne5 16. Re1 Nxf3+ 17. Bxf3 Qb6 18. a4 Bf5 19. Qb3 a5 20. Bd5 Rd7 21. Rac1 Rad8 22. e4 dxe3 23. Rxe3 h5 24. Re5 Bg6 25. Qc4 Qd6 26. Rg5 Qf6 27. h4 Bf5 28. Rd1 g6 29. f3 Kg7 30. g4 Qb6+ 31. Kg2 f6 32. Qc3 hxg4 33. fxg4 Rxd5 34. Rxd5 Be4+ 35. Kf1 Rxd5 36. Qc8 fxg5 0-1

[Event "Fagernes op"]
[Site "Fagernes"]
[Date "2021.10.10"]
[Round "1"]
[White "Miezis, Normunds"]
[Black "Bin Suhayl, Ieysaa"]
[Result "1-0"]
[WhiteElo "2467"]
[BlackElo "2168"]
[PlyCount "91"]
[EventDate "2021.10.10"]
[EventType "swiss"]
[EventRounds "9"]
[EventCountry "NOR"]
[SourceTitle "CBM 204 Extra"]
[Source "ChessBase"]
[SourceDate "2021.11.30"]
[SourceVersion "1"]
[SourceVersionDate "2021.11.30"]
[SourceQuality "1"]

1. c4 e5 2. Nc3 Nf6 3. g3 Bb4 4. Bg2 0-0 5. e4 Bxc3 6. dxc3 d6 7. Qe2 Nbd7 8. Nh3 Nc5 9. f3 a5 10. b3 Be6 11. 0-0 Qc8 12. Nf2 Nfd7 13. f4 exf4 14. gxf4 f5 15. e5 Re8 16. Be3 Ra6 17. Bd4 Bf7 18. Qc2 Ne6 19. Qxf5 Bg6 20. Qg4 Nxf4 21. Qxf4 dxe5 22. Qf3 exd4 23. cxd4 Rd6 24. d5 b6 25. Rae1 Rf8 26. Qe3 Nc5 27. a3 Rdf6 28. b4 Re8 29. Qd4 Nb3 30. Qd1 a4 31. Ng4 Rxf1+ 32. Rxf1 Qd8 33. Re1 Bh5 34. h3 Qd7 35. Kh1 h6 36. Be4 Kh8 37. Bb1 Qd8 38. Rf1 Rf8 39. Rxf8+ Qxf8 40. Qd3 g6 41. Qc3+ Qg7 42. Nf6 Nd2 43. Qe5 g5 44. Bd3 Nf3 45. Qf5 Qf7 46. Nxh5 1-0

[Event "Leamington Spa 4NCL op 25th"]
[Site "Leamington Spa"]
[Date "2021.07.11"]
[Round "4"]
[White "Bin Suhayl, Ieysaa"]
[Black "Turner, Max N"]
[Result "1-0"]
[WhiteElo "2223"]
[BlackElo "2222"]
[PlyCount "99"]
[EventDate "2021.07.09"]
[EventType "swiss"]
[EventRounds "5"]
[EventCountry "ENG"]
[SourceTitle "CBM 203 Extra"]
[Source "ChessBase"]
[SourceDate "2021.09.30"]
[SourceVersion "1"]
[SourceVersionDate "2021.09.30"]
[SourceQuality "1"]

1. Nf3 d5 2. c4 e6 3. g3 g6 4. Bg2 Bg7 5. 0-0 Ne7 6. d4 0-0 7. Nbd2 Nbc6 8. e3 a5 9. b3 e5 10. dxe5 Nxe5 11. Nxe5 Bxe5 12. Rb1 Bg7 13. Ba3 d4 14. Nf3 d3 15. Ne1 d2 16. Bxe7 Qxe7 17. Qxd2 a4 18. Nd3 axb3 19. axb3 c6 20. Qe2 Ra3 21. Rfd1 Be6 22. Nf4 Rfa8 23. h4 h5 24. Rd2 Bc3 25. Rd3 Bg7 26. Rbd1 Bg4 27. Bf3 Be6 28. Rd6 Be5 29. Rxe6 fxe6 30. Nxg6 Qf6 31. Nxe5 Qxe5 32. Rd7 Qf5 33. e4 Qf6 34. e5 Qh6 35. Bxh5 Kh8 36. Rf7 Ra1+ 37. Kh2 Qc1 38. Qe4 Qg1+ 39. Kh3 Qf1+ 40. Kg4 Rg8+ 41. Bg6 Rg7 42. Rf8+ Rg8 43. Rf7 Rg7 44. Qf4 Rxg6+ 45. Kh5 Qd3 46. Re7 Ra8 47. Qf7 Rg5+ 48. hxg5 Qd1+ 49. f3 Qh1+ 50. Kg4 1-0

[Event "Leamington Spa 4NCL op 25th"]
[Site "Leamington Spa"]
[Date "2021.07.10"]
[Round "3"]
[White "Finn, Peter"]
[Black "Bin Suhayl, Ieysaa"]
[Result "0-1"]
[WhiteElo "1959"]
[BlackElo "2223"]
[PlyCount "140"]
[EventDate "2021.07.09"]
[EventType "swiss"]
[EventRounds "5"]
[EventCountry "ENG"]
[SourceTitle "CBM 203 Extra"]
[Source "ChessBase"]
[SourceDate "2021.09.30"]
[SourceVersion "1"]
[SourceVersionDate "2021.09.30"]
[SourceQuality "1"]

1. e4 e6 2. d4 d5 3. Nc3 Nf6 4. e5 Nfd7 5. f4 c5 6. Nf3 Nc6 7. Be3 a6 8. Qd2 b5 9. a3 Qa5 10. dxc5 Bxc5 11. Bxc5 Nxc5 12. Nd4 Nxd4 13. Qxd4 Ne4 14. b4 Qc7 15. Nxe4 dxe4 16. c4 Qc6 17. Be2 bxc4 18. 0-0 Bb7 19. Qxc4 Qxc4 20. Bxc4 Ke7 21. Rfd1 Rac8 22. Bf1 Rc3 23. Rd6 Ra8 24. Rb6 Ra7 25. a4 e3 26. Re1 h6 27. a5 g5 28. g3 gxf4 29. gxf4 f6 30. Bg2 Bc8 31. Be4 Rd7 32. Rc6 Rxc6 33. Bxc6 Rd4 34. b5 axb5 35. Bxb5 fxe5 36. fxe5 Rd5 37. Bc4 Rc5 38. Bd3 Rxe5 39. a6 Rg5+ 40. Kf1 Rd5 41. Bc4 Rf5+ 42. Ke2 Ra5 43. Kxe3 Bxa6 44. Bxa6 Rxa6 45. Re2 Ra3+ 46. Ke4 Rh3 47. Ra2 Rh4+ 48. Ke5 Rh5+ 49. Ke4 Kf6 50. Rf2+ Rf5 51. Ra2 Rf1 52. Rb2 Kg5 53. Rg2+ Kh4 54. Rg6 Re1+ 55. Kf3 h5 56. Kf2 Re5 57. Rh6 Kh3 58. Kg1 h4 59. Kf2 Rf5+ 60. Ke3 e5 61. Ke4 Rg5 62. Rh8 Rg4+ 63. Kxe5 Kxh2 64. Kf5 Kg3 65. Ra8 Rf4+ 66. Ke5 h3 67. Rg8+ Rg4 68. Ra8 h2 69. Ra3+ Kh4 70. Ra8 Rg5+ 0-1

[Event "Cattolica op-A 8th"]
[Site "Cattolica"]
[Date "2021.06.03"]
[Round "9"]
[White "Bin Suhayl, Ieysaa"]
[Black "Bifulco, Michel"]
[Result "1/2-1/2"]
[WhiteElo "2177"]
[BlackElo "2232"]
[PlyCount "76"]
[EventDate "2021.05.27"]
[EventType "swiss"]
[EventRounds "9"]
[EventCountry "ITA"]
[SourceTitle "CBM 203 Extra"]
[Source "ChessBase"]
[SourceDate "2021.09.30"]
[SourceVersion "1"]
[SourceVersionDate "2021.09.30"]
[SourceQuality "1"]

1. Nf3 d5 2. c4 d4 3. b4 Nf6 4. e3 c5 5. bxc5 Nc6 6. exd4 Nxd4 7. Bb2 e5 8. Nxd4 exd4 9. d3 Bxc5 10. Be2 0-0 11. 0-0 Rb8 12. Nd2 Re8 13. Nb3 b6 14. Bf3 Bf5 15. Qd2 Qd6 16. Rfe1 h6 17. h3 Rxe1+ 18. Qxe1 Bxd3 19. Rc1 Rd8 20. Qd2 Bg6 21. Rd1 d3 22. Re1 Bb4 23. Bc3 Bxc3 24. Qxc3 Qa3 25. Qd2 a5 26. Re3 Qa4 27. c5 bxc5 28. Nxc5 Qb4 29. Nb3 Qxd2 30. Nxd2 Rb8 31. Nc4 Bh7 32. Re1 Rc8 33. Nxa5 d2 34. Rd1 Rc1 35. Nb3 Rxd1+ 36. Bxd1 Ne4 37. Bf3 Nc3 38. Nxd2 Nxa2 1/2-1/2

[Event "Cattolica op-A 8th"]
[Site "Cattolica"]
[Date "2021.06.02"]
[Round "7"]
[White "Kadric, Denis"]
[Black "Bin Suhayl, Ieysaa"]
[Result "1-0"]
[WhiteElo "2584"]
[BlackElo "2177"]
[PlyCount "67"]
[EventDate "2021.05.27"]
[EventType "swiss"]
[EventRounds "9"]
[EventCountry "ITA"]
[SourceTitle "CBM 203 Extra"]
[Source "ChessBase"]
[SourceDate "2021.09.30"]
[SourceVersion "1"]
[SourceVersionDate "2021.09.30"]
[SourceQuality "1"]

1. e4 e6 2. d4 d5 3. Nd2 Nf6 4. e5 Nfd7 5. f4 c5 6. c3 Nc6 7. Ndf3 Qb6 8. a3 a5 9. b3 Be7 10. h4 Qc7 11. Be3 c4 12. a4 Nb6 13. Nd2 Bd7 14. Ngf3 Na7 15. Kf2 Qc6 16. Be2 cxb3 17. Qxb3 Nxa4 18. c4 Rc8 19. cxd5 exd5 20. Rhc1 Qxc1 21. Rxc1 Rxc1 22. Qxb7 Nc6 23. f5 Nb4 24. e6 fxe6 25. Ne5 Bc8 26. Qb5+ Kf8 27. Qxa4 exf5 28. Bg5 Rc7 29. Bxe7+ Kxe7 30. Qxa5 Rb7 31. Qc5+ Kf6 32. Bb5 Be6 33. Qxb4 Rhb8 34. Qd6 1-0

[Event "Cattolica op-A 8th"]
[Site "Cattolica"]
[Date "2021.05.30"]
[Round "4"]
[White "Bin Suhayl, Ieysaa"]
[Black "Decuigniere, Tom"]
[Result "1/2-1/2"]
[WhiteElo "2177"]
[BlackElo "2216"]
[PlyCount "70"]
[EventDate "2021.05.27"]
[EventType "swiss"]
[EventRounds "9"]
[EventCountry "ITA"]
[SourceTitle "CBM 203 Extra"]
[Source "ChessBase"]
[SourceDate "2021.09.30"]
[SourceVersion "1"]
[SourceVersionDate "2021.09.30"]
[SourceQuality "1"]

1. Nf3 c5 2. c4 Nc6 3. g3 g6 4. Bg2 Bg7 5. Nc3 d6 6. a3 Qd7 7. d3 b6 8. Bd2 Bb7 9. Rb1 e6 10. b4 Nge7 11. 0-0 Rc8 12. b5 Nd4 13. Nxd4 Bxg2 14. Nxe6 Bxf1 15. Nxg7+ Kf8 16. Ne4 f6 17. Nxf6 Qh3 18. Qxf1 Qxf1+ 19. Rxf1 Kxg7 20. Bc3 Kf7 21. Ng4 Rhf8 22. e4 g5 23. f4 gxf4 24. Kg2 f3+ 25. Rxf3+ Ke6 26. Nf6 Rf7 27. h4 Ng6 28. h5 Ne5 29. Bxe5 dxe5 30. Nd5 Rxf3 31. Kxf3 Rf8+ 32. Ke2 Rg8 33. Kf3 Rf8+ 34. Ke2 Rg8 35. Kf3 Rf8+ 1/2-1/2

[Event "Cattolica op-A 8th"]
[Site "Cattolica"]
[Date "2021.05.28"]
[Round "2"]
[White "Bin Suhayl, Ieysaa"]
[Black "Iaccheo, Massimo"]
[Result "1-0"]
[WhiteElo "2177"]
[BlackElo "2018"]
[PlyCount "109"]
[EventDate "2021.05.27"]
[EventType "swiss"]
[EventRounds "9"]
[EventCountry "ITA"]
[SourceTitle "CBM 203 Extra"]
[Source "ChessBase"]
[SourceDate "2021.09.30"]
[SourceVersion "1"]
[SourceVersionDate "2021.09.30"]
[SourceQuality "1"]

1. Nf3 Nf6 2. c4 e6 3. g3 b6 4. Bg2 Bb7 5. 0-0 Be7 6. d4 d5 7. Ne5 0-0 8. Nc3 Qc8 9. cxd5 Nxd5 10. Nxd5 Bxd5 11. e4 Bb7 12. Qa4 Rd8 13. Rd1 Nd7 14. Nc6 Bxc6 15. Qxc6 Nf6 16. Bg5 Qd7 17. Rac1 Rac8 18. Qc2 Ne8 19. Bf4 Qb5 20. Bf1 Qa5 21. a3 Bd6 22. e5 Be7 23. Bd2 Qd5 24. Be3 Qf3 25. Be2 Qb7 26. Qc6 Qxc6 27. Rxc6 a5 28. Ba6 Ra8 29. Bb5 Ra7 30. Rc4 Kf8 31. Rdc1 c5 32. dxc5 bxc5 33. Bxc5 Rb7 34. a4 f6 35. exf6 gxf6 36. Bxe7+ Kxe7 37. Rc6 Rd2 38. R6c2 Rd4 39. b3 e5 40. Rc5 Ra7 41. Bc4 Nd6 42. Bg8 Kd8 43. Rc6 h6 44. Rb6 Rd2 45. Rc5 Ne4 46. Rd5+ Ke7 47. Rxd2 Nxd2 48. Bd5 Rd7 49. Rb5 Ra7 50. Rb6 Rd7 51. Re6+ Kd8 52. Bc6 Rf7 53. Bb5 Nxb3 54. Re8+ Kc7 55. Bc4 1-0

[Event "Sitges Sunway 7th"]
[Site "Sitges"]
[Date "2020.12.13"]
[Round "1"]
[White "Korobov, Anton"]
[Black "Bin Suhayl, Ieysaa"]
[Result "1-0"]
[WhiteElo "2693"]
[BlackElo "2193"]
[PlyCount "69"]
[EventDate "2020.12.13"]
[EventType "swiss"]
[EventRounds "10"]
[EventCountry "ESP"]
[SourceTitle "CBM 199 Extra"]
[Source "ChessBase"]
[SourceDate "2021.01.31"]
[SourceVersion "1"]
[SourceVersionDate "2021.01.31"]
[SourceQuality "1"]

1. d4 Nf6 2. Nf3 e6 3. c4 b6 4. a3 Bb7 5. Nc3 d5 6. cxd5 exd5 7. g3 Be7 8. Bg2 0-0 9. 0-0 Ne4 10. Bf4 Nxc3 11. bxc3 Nc6 12. Qc2 Bd6 13. Ng5 g6 14. Bc1 Be7 15. h4 Bf6 16. e4 dxe4 17. Nxe4 Na5 18. Re1 Re8 19. Bf4 Bg7 20. h5 Qd7 21. h6 Bh8 22. Be5 Bxe4 23. Qxe4 Bxe5 24. dxe5 Rad8 25. Rad1 Qe7 26. Rxd8 Rxd8 27. Qf4 Kf8 28. e6 f6 29. g4 Kg8 30. Qb4 Re8 31. Rd1 Qxb4 32. axb4 Nc4 33. Bc6 Rc8 34. e7 Nd6 35. Rxd6 1-0